| 000 | 00640nam a22002417a 4500 | ||
|---|---|---|---|
| 005 | 20170124110137.0 | ||
| 010 | _a467706 | ||
| 020 | _c9.50 | ||
| 035 | _a467706 | ||
| 037 | _bCen Lib/Ret | ||
| 040 |
_aDPL _bEN |
||
| 082 |
_a635.9 _bSWA |
||
| 100 |
_aSwarup, Vishnu _932595 |
||
| 245 |
_aGarden flowers / _cby Vishnu Swarup |
||
| 260 |
_bNational Book Trust _aNew Delhi _c1967 |
||
| 270 | _bNew Delhi | ||
| 300 |
_axii,258p. _c20cm(Hb) |
||
| 490 | _aIndia-the land and people | ||
| 500 | _aIncludes index | ||
| 650 |
_aFlowers -- India _9102138 |
||
| 650 |
_aFlowers _9102139 |
||
| 942 |
_2ddc _cEN _h635.9 _mSWA |
||
| 999 |
_c131726 _d131726 |
||